[Event "I. ČLANSKA LIGA ZAHOD 2024"]
[Site "Komenda"]
[Date "2024.10.13"]
[Round "6.5"]
[White "Siraj, Svit"]
[Black "Glavac, Leo"]
[Result "1/2-1/2"]
[WhiteElo "2048"]
[BlackElo "1798"]
[PlyCount "82"]
[EventDate "2024.09.27"]
[WhiteTeam "SD VRHNIKA"]
[BlackTeam "TAJFUN - SK LJUBLJANA"]

1. e4 e5 2. Nf3 Nc6 3. Bb5 Bc5 4. Nc3 a6 5. Ba4 b5 6. Bb3 d6 7. O-O Bg4 8. h3
Bh5 9. Bd5 Nge7 10. g4 Bg6 11. Re1 Nxd5 12. exd5 Nd4 13. Ne4 Bxe4 14. Rxe4 O-O
15. Nxd4 Bxd4 16. c3 Bb6 17. d3 f5 18. gxf5 Rxf5 19. Be3 Qf6 20. d4 Rf8 21. Qf1
exd4 22. cxd4 Rxd5 23. Qg2 Qf3 24. Qxf3 Rxf3 25. Kg2 Rf6 26. b4 Kf7 27. a4 bxa4
28. Rxa4 a5 29. bxa5 Bxa5 30. Kf1 Re6 31. Rf4+ Ke7 32. Ke2 Kd7 33. Kd3 Re7 34.
Rh4 h6 35. Kc4 Kc6 36. Ra1 Bb6 37. Rg1 Rf5 38. Rg6 Kd7 39. Rhg4 Rff7 40. h4 Kc6
41. Rg3 Kd7 1/2-1/2

[Event "I. ČLANSKA LIGA ZAHOD 2024"]
[Site "Komenda"]
[Date "2024.10.13"]
[Round "6.5"]
[White "Krstic, David"]
[Black "Praznik, Anton"]
[Result "0-1"]
[WhiteElo "1735"]
[BlackElo "1967"]
[PlyCount "118"]
[EventDate "2024.09.27"]
[WhiteTeam "TAJFUN - SK LJUBLJANA"]
[BlackTeam "SD VRHNIKA"]

1. e4 e6 2. d4 d5 3. Nd2 c5 4. c3 Nc6 5. exd5 exd5 6. Ngf3 Bg4 7. Be2 Bd6 8.
O-O Nge7 9. dxc5 Bxc5 10. Nb3 Bd6 11. h3 Bh5 12. Nbd4 O-O 13. Bg5 h6 14. Be3 a6
15. a4 Bc7 16. Nh4 Qd6 17. g3 Bxe2 18. Qxe2 Qf6 19. Qf3 Qxf3 20. Nhxf3 Rfe8 21.
Rfe1 Rad8 22. Rad1 Ne5 23. Nxe5 Bxe5 24. Nb3 Bd6 25. Bb6 Rc8 26. Na5 Bc7 27.
Bxc7 Rxc7 28. Rxd5 Rb8 29. Rde5 Kf8 30. Nb3 f6 31. Rc5 Rd7 32. Nd4 Kf7 33. Rc4
Nd5 34. Nf5 b5 35. Rd4 Rbd8 36. axb5 axb5 37. Red1 Ke6 38. g4 g6 39. Ne3 Nf4
40. Rxd7 Rxd7 41. Rxd7 Kxd7 42. h4 Kd6 43. Ng2 Nd3 44. b3 Nc1 45. c4 b4 46. Ne1
Kc5 47. f4 Nxb3 48. Kf2 Kxc4 49. Nc2 Nd4 50. g5 hxg5 51. Ne3+ Kd3 52. fxg5 f5
53. Nd1 b3 54. Kg3 Ne6 55. Nb2+ Ke2 56. h5 f4+ 57. Kg4 gxh5+ 58. Kf5 f3 59.
Kxe6 f2 0-1

[Event "I. CLANSKA LIGA ZAHOD 2024"]
[Site "Komenda"]
[Date "2024.10.25"]
[Round "7.1"]
[White "Praznik, Niko"]
[Black "Brcar, Ales"]
[Result "1/2-1/2"]
[WhiteElo "2313"]
[BlackElo "2182"]
[PlyCount "64"]
[EventDate "2024.09.27"]
[WhiteTeam "SD VRHNIKA"]
[BlackTeam "SK TREBNJE BMP"]

1. d4 d5 2. Nf3 Nf6 3. e3 c5 4. c3 Nbd7 5. Bd3 g6 6. Nbd2 Bg7 7. O-O O-O 8. Qe2
Qc7 9. h3 b6 10. e4 dxe4 11. Nxe4 Bb7 12. Nxf6+ Nxf6 13. dxc5 Qxc5 14. Be3 Qh5
15. Nd4 Qxe2 16. Bxe2 Nd5 17. Bf3 Nxe3 18. fxe3 Bxf3 19. gxf3 Bxd4 20. cxd4
Rac8 21. Rac1 e6 22. Kf2 Rfd8 23. Ke2 Kf8 24. Kd3 Ke7 25. e4 Rc5 26. Ke3 Rh5
27. Rh1 Ra5 28. a3 Rb5 29. Rh2 Rd7 30. Rc3 Rg5 31. Rc1 Rb5 32. Rc3 Rg5 1/2-1/2

[Event "I. CLANSKA LIGA ZAHOD 2024"]
[Site "Komenda"]
[Date "2024.10.25"]
[Round "7.1"]
[White "Piskur, Mitja"]
[Black "Siraj, Anej"]
[Result "1-0"]
[WhiteElo "2217"]
[BlackElo "2075"]
[PlyCount "79"]
[EventDate "2024.09.27"]
[WhiteTeam "SK TREBNJE BMP"]
[BlackTeam "SD VRHNIKA"]

1. e4 e5 2. Nf3 Nc6 3. Nc3 Nf6 4. Be2 d5 5. exd5 Nxd5 6. O-O Nxc3 7. bxc3 Bd6
8. d4 exd4 9. cxd4 O-O 10. c3 Bf5 11. Qb3 Rb8 12. a4 Re8 13. Be3 a6 14. Rfe1
Qf6 15. a5 Bg4 16. h3 Bh5 17. Qd5 Bg6 18. Qg5 Qxg5 19. Bxg5 h6 20. Be3 Ne7 21.
Bc4 Nf5 22. Bd2 c5 23. dxc5 Bxc5 24. Ne5 Nd6 25. Bd5 Ne4 26. Bxe4 Bxe4 27. Rxe4
Rbd8 28. Be3 f5 29. Bxc5 fxe4 30. Bd4 Rd5 31. Nc4 Re6 32. Rb1 Rc6 33. Ne3 Rxa5
34. Rxb7 Rg6 35. g4 h5 36. Kg2 Ra2 37. Kg3 a5 38. Nf5 hxg4 39. Ne7+ Kh7 40.
Nxg6 1-0

[Event "I. CLANSKA LIGA ZAHOD 2024"]
[Site "Komenda"]
[Date "2024.10.25"]
[Round "7.1"]
[White "Siraj, Svit"]
[Black "Marinsek, Tomaz"]
[Result "1/2-1/2"]
[WhiteElo "2048"]
[BlackElo "2094"]
[PlyCount "85"]
[EventDate "2024.09.27"]
[WhiteTeam "SD VRHNIKA"]
[BlackTeam "SK TREBNJE BMP"]

1. e4 d5 2. exd5 Qxd5 3. Nc3 Qa5 4. Nf3 c6 5. d4 Nf6 6. Be2 Bf5 7. O-O e6 8.
Nh4 Bg6 9. Nxg6 hxg6 10. Bf4 Bb4 11. Qd3 Nbd7 12. h3 Rd8 13. Ne4 Nxe4 14. Qxe4
Nf6 15. Qf3 Bd6 16. c3 Bxf4 17. Qxf4 g5 18. Qe3 Qf5 19. Bd3 Qf4 20. Qxf4 gxf4
21. Be2 Ne4 22. Rfe1 Ng5 23. f3 Nh7 24. b4 Nf6 25. Bc4 Rh5 26. a4 a5 27. Rab1
Rd7 28. bxa5 Rxa5 29. Rb4 Kd8 30. Reb1 Kc8 31. Kf2 c5 32. Rb5 Rxb5 33. Bxb5 Rc7
34. dxc5 Rxc5 35. c4 Kc7 36. a5 Re5 37. Rd1 Re3 38. g3 e5 39. gxf4 exf4 40. Rd4
Ra3 41. Rxf4 Rxa5 42. h4 Ra8 43. Ke3 1/2-1/2

[Event "I. CLANSKA LIGA ZAHOD 2024"]
[Site "Komenda"]
[Date "2024.10.25"]
[Round "7.1"]
[White "Vospernik, Andrej"]
[Black "Praznik, Anton"]
[Result "1/2-1/2"]
[WhiteElo "2009"]
[BlackElo "1967"]
[PlyCount "61"]
[EventDate "2024.09.27"]
[WhiteTeam "SK TREBNJE BMP"]
[BlackTeam "SD VRHNIKA"]

1. e4 d6 2. d4 Nf6 3. Bd3 e5 4. c3 Nc6 5. f4 exd4 6. Nf3 Bg4 7. Qb3 Be7 8. Qxb7
Bd7 9. Qb3 dxc3 10. Nxc3 O-O 11. a3 a5 12. O-O Qb8 13. Qc2 Qb6+ 14. Kh1 Qc5 15.
e5 dxe5 16. fxe5 Nxe5 17. Nxe5 Qxe5 18. Bf4 Qh5 19. Bxc7 Rac8 20. Bg3 Be6 21.
Bf5 Nd5 22. Nxd5 Rxc2 23. Nxe7+ Kh8 24. Bxc2 Qc5 25. Rae1 Qxe7 26. Bb3 Re8 27.
Bxe6 fxe6 28. Be5 Kg8 29. Rf3 Rf8 30. Rfe3 Re8 31. Bxg7 1/2-1/2

[Event "I. CLANSKA LIGA ZAHOD 2024"]
[Site "Komenda"]
[Date "2024.10.25"]
[Round "7.1"]
[White "Okorn, Nejc"]
[Black "Brcar, Matej"]
[Result "0-1"]
[WhiteElo "1903"]
[BlackElo "1949"]
[PlyCount "46"]
[EventDate "2024.09.27"]
[WhiteTeam "SD VRHNIKA"]
[BlackTeam "SK TREBNJE BMP"]

1. e4 e5 2. Nf3 Nc6 3. Bc4 Bc5 4. c3 Nf6 5. d4 exd4 6. e5 d5 7. Bb5 Ne4 8. cxd4
Bb4+ 9. Nbd2 Bd7 10. Bxc6 Bxc6 11. O-O Nxd2 12. Bxd2 Bxd2 13. Nxd2 O-O 14. Rc1
Qe7 15. Qc2 Qb4 16. Qc3 a5 17. f4 Bb5 18. Rf2 b6 19. f5 Rfc8 20. Qe3 c5 21. Nf3
cxd4 22. Rxc8+ Rxc8 23. Nxd4 Qxd4 0-1

[Event "I. CLANSKA LIGA ZAHOD 2024"]
[Site "Komenda"]
[Date "2024.10.25"]
[Round "7.1"]
[White "Dimnik, Miha"]
[Black "Zlindra, Aljaz"]
[Result "1/2-1/2"]
[WhiteElo "1864"]
[BlackElo "1851"]
[PlyCount "60"]
[EventDate "2024.09.27"]
[WhiteTeam "SK TREBNJE BMP"]
[BlackTeam "SD VRHNIKA"]

1. e4 c6 2. d4 d5 3. Nc3 dxe4 4. Nxe4 Nf6 5. Nxf6+ exf6 6. c3 Bd6 7. Bd3 O-O 8.
Qc2 Re8+ 9. Ne2 h5 10. Be3 h4 11. O-O-O Qc7 12. h3 Nd7 13. c4 c5 14. d5 Ne5 15.
Nc3 Bd7 16. Kb1 Nxd3 17. Qxd3 a6 18. Ne4 b5 19. Nxd6 Qxd6 20. Rhe1 Rab8 21. Bd2
Rxe1 22. Rxe1 bxc4 23. Qxc4 Bf5+ 24. Ka1 Rd8 25. Be3 Qxd5 26. Qxc5 Be6 27. Qxd5
Rxd5 28. b3 Kf8 29. Kb2 Ke8 30. Rc1 Kd7 1/2-1/2

[Event "I. CLANSKA LIGA ZAHOD 2024"]
[Site "Komenda"]
[Date "2024.10.25"]
[Round "7.2"]
[White "Srebrnic, Vojko"]
[Black "Lucovnik, Tilen"]
[Result "1-0"]
[WhiteElo "2074"]
[BlackElo "2169"]
[PlyCount "137"]
[EventDate "2024.09.27"]
[WhiteTeam "TAJFUN - SK LJUBLJANA"]
[BlackTeam "SK KOMENDA"]

1. e4 d6 2. Nc3 Nf6 3. Bc4 e5 4. d3 Be7 5. f4 O-O 6. Nf3 Nbd7 7. O-O c6 8. fxe5
Nxe5 9. Nxe5 dxe5 10. h3 b5 11. Bb3 Qd6 12. Qf3 Be6 13. Nd1 Nd7 14. Ne3 Bxb3
15. axb3 Bg5 16. Nf5 Qf6 17. Bxg5 Qxg5 18. h4 Qf6 19. Qg4 Nc5 20. h5 a5 21. Rf3
Kh8 22. Raf1 Ra7 23. h6 gxh6 24. Qh5 Qg6 25. Qh2 Qe6 26. Rh3 f6 27. Rxh6 Raf7
28. Qg3 Rg8 29. Qe3 Nb7 30. Qb6 Rg6 31. Qe3 Rg8 32. Qf2 Rgf8 33. Qb6 Rg8 34.
Rf3 Rg5 35. Qf2 Rg6 36. Qh4 Rxh6 37. Nxh6 Rf8 38. Nf5 Nd6 39. Qh6 Rf7 40. Nh4
Ne8 41. Nf5 Nd6 42. Ng3 Ne8 43. Qe3 Qd7 44. Nf5 Qa7 45. Kf2 Qxe3+ 46. Kxe3 Rd7
47. Rf1 Kg8 48. c3 Kf7 49. Ra1 Ra7 50. d4 Ke6 51. Kd3 Nd6 52. Ne3 Nc8 53. g4
Ne7 54. Rh1 Ng6 55. Nf5 Rd7 56. Ke3 Nf4 57. c4 bxc4 58. bxc4 h5 59. gxh5 Rd8
60. h6 Rb8 61. d5+ cxd5 62. Ng7+ Kf7 63. cxd5 Rb3+ 64. Kd2 Rxb2+ 65. Ke3 Rb8
66. Nf5 Kg6 67. Rg1+ Kh7 68. Rg7+ Kh8 69. Nd6 1-0

[Event "I. CLANSKA LIGA ZAHOD 2024"]
[Site "Komenda"]
[Date "2024.10.25"]
[Round "7.2"]
[White "Perme, Martin"]
[Black "Belyaletdinov, Leonard"]
[Result "0-1"]
[WhiteElo "1902"]
[BlackElo "1843"]
[PlyCount "76"]
[EventDate "2024.09.27"]
[WhiteTeam "SK KOMENDA"]
[BlackTeam "TAJFUN - SK LJUBLJANA"]

1. e4 c6 2. d4 d5 3. exd5 cxd5 4. Nf3 Nc6 5. Bf4 Nf6 6. c3 Bf5 7. Bd3 Bxd3 8.
Qxd3 e6 9. Nbd2 Bd6 10. Bg5 h6 11. Bh4 Qc7 12. O-O Nh5 13. c4 O-O 14. c5 Be7
15. Bxe7 Qxe7 16. Rfe1 Qf6 17. Ne5 Nf4 18. Qe3 Qg5 19. g3 Nxe5 20. dxe5 Ng6 21.
Qxg5 hxg5 22. h3 Rac8 23. b4 Rfd8 24. Nf3 g4 25. hxg4 Ne7 26. Nd2 Nc6 27. Rab1
Nd4 28. Kg2 b6 29. Rec1 Ne2 30. Re1 Nd4 31. Rec1 Ne2 32. Re1 Nc3 33. Rb3 d4 34.
cxb6 axb6 35. Ne4 Nxe4 36. Rxe4 d3 37. Re1 d2 38. Rd1 Rc1 0-1

[Event "I. CLANSKA LIGA ZAHOD 2024"]
[Site "Komenda"]
[Date "2024.10.25"]
[Round "7.2"]
[White "Borstar, Dusan"]
[Black "Novak, Anze"]
[Result "1-0"]
[WhiteElo "1822"]
[BlackElo "1823"]
[PlyCount "91"]
[EventDate "2024.09.27"]
[WhiteTeam "TAJFUN - SK LJUBLJANA"]
[BlackTeam "SK KOMENDA"]

1. e4 c5 2. Nf3 d6 3. d4 cxd4 4. Nxd4 Nf6 5. Nc3 a6 6. Bg5 e6 7. f4 Be7 8. Qf3
Qc7 9. O-O-O b5 10. Bxf6 Bxf6 11. e5 Bb7 12. Ndxb5 axb5 13. Nxb5 Qxc2+ 14. Kxc2
Bxf3 15. Nxd6+ Kf8 16. gxf3 Bh4 17. Kb1 g6 18. Ne4 Kg7 19. Bb5 Na6 20. Rd7 Nb4
21. a3 Rab8 22. Nd6 Nd5 23. Bc4 Be7 24. Bxd5 Bxd6 25. Bxe6 Bxa3 26. Rxf7+ Kh6
27. b3 Rhf8 28. Rd1 Rxf7 29. Bxf7 Rb4 30. f5 gxf5 31. Ka2 Rb7 32. Kxa3 Rxf7 33.
f4 Kh5 34. Rg1 Kh4 35. Rg3 Rd7 36. Rg5 Kh3 37. Rxf5 Kxh2 38. e6 Re7 39. Re5 Kg3
40. f5 Kf4 41. Rd5 Ra7+ 42. Kb2 Ke4 43. Rd7 Ra5 44. f6 Kf5 45. e7 Re5 46. f7
1-0

[Event "I. CLANSKA LIGA ZAHOD 2024"]
[Site "Komenda"]
[Date "2024.10.25"]
[Round "7.2"]
[White "Macek, Inti"]
[Black "Glavac, Leo"]
[Result "0-1"]
[WhiteElo "1750"]
[BlackElo "1798"]
[PlyCount "72"]
[EventDate "2024.09.27"]
[WhiteTeam "SK KOMENDA"]
[BlackTeam "TAJFUN - SK LJUBLJANA"]

1. d4 d5 2. Nf3 c6 3. e3 Nf6 4. c4 a6 5. Nc3 Bf5 6. Qb3 b6 7. cxd5 cxd5 8. Be2
e6 9. O-O h6 10. Bd2 Bd6 11. Na4 Nbd7 12. Bb4 Qe7 13. Bxd6 Qxd6 14. Rac1 O-O
15. h3 Ne4 16. Rfd1 b5 17. Nc3 Nb6 18. Nxe4 Bxe4 19. Nd2 Bg6 20. Bd3 Bxd3 21.
Qxd3 Nc4 22. Nxc4 bxc4 23. Qe2 Rab8 24. Rc3 Qb4 25. Rd2 f5 26. Rdc2 Qa4 27. Ra3
Qc6 28. b3 Qd6 29. Ra4 cxb3 30. axb3 Rxb3 31. Qxa6 Rb1+ 32. Qf1 Rxf1+ 33. Kxf1
f4 34. f3 fxe3 35. Ra7 Qg3 36. Re7 Rb8 0-1

[Event "I. CLANSKA LIGA ZAHOD 2024"]
[Site "Komenda"]
[Date "2024.10.25"]
[Round "7.2"]
[White "Markus, David"]
[Black "Perme, Metod"]
[Result "1-0"]
[WhiteElo "1771"]
[BlackElo "1578"]
[PlyCount "41"]
[EventDate "2024.09.27"]
[WhiteTeam "TAJFUN - SK LJUBLJANA"]
[BlackTeam "SK KOMENDA"]

1. e4 e5 2. Bc4 Nf6 3. d3 Bc5 4. Nc3 O-O 5. f4 Nc6 6. Nf3 d6 7. Na4 d5 8. exd5
Nxd5 9. Nxc5 Nd4 10. Nxd4 exd4 11. O-O b6 12. Ne4 Rb8 13. f5 h6 14. f6 gxf6 15.
Bxd5 Qxd5 16. Nxf6+ Kg7 17. Nxd5 c6 18. Qh5 cxd5 19. Bxh6+ Kg8 20. Bxf8 Kxf8
21. Qxf7# 1-0

[Event "I. CLANSKA LIGA ZAHOD 2024"]
[Site "Komenda"]
[Date "2024.10.25"]
[Round "7.3"]
[White "Rodman, Franc"]
[Black "Rusjan, Miran"]
[Result "0-1"]
[WhiteElo "1999"]
[BlackElo "2259"]
[PlyCount "74"]
[EventDate "2024.09.27"]
[WhiteTeam "SD SIJ ACRONI JESENICE"]
[BlackTeam "SK NOVA GORICA"]

1. d4 f5 2. Nf3 Nf6 3. g3 g6 4. Bg2 Bg7 5. O-O O-O 6. c4 d6 7. Nc3 Qe8 8. h3 c6
9. Be3 h6 10. d5 c5 11. Ne1 Nh5 12. Nd3 g5 13. Bd2 Qg6 14. Be1 a6 15. e3 Kh8
16. Kh2 Nd7 17. f4 Ndf6 18. Rb1 b5 19. cxb5 axb5 20. Nxb5 Ne4 21. Bf3 Nhxg3 22.
Bxg3 Nxg3 23. Rg1 Ne4 24. Bh5 Qf6 25. a4 g4 26. Qe1 g3+ 27. Kg2 Bb7 28. Bf3
Rxa4 29. Bxe4 fxe4 30. Nc3 Rc4 31. Nc1 Rg8 32. Kh1 Qf5 33. Qxg3 Bxd5 34. Nxd5
Qxd5 35. Ne2 Rc2 36. Rg2 Bxb2 37. Qh4 Rxg2 0-1

[Event "I. CLANSKA LIGA ZAHOD 2024"]
[Site "Komenda"]
[Date "2024.10.25"]
[Round "7.3"]
[White "Herega, Nejc"]
[Black "Jeraj, Zlatko"]
[Result "1-0"]
[WhiteElo "2196"]
[BlackElo "1989"]
[PlyCount "92"]
[EventDate "2024.09.27"]
[WhiteTeam "SK NOVA GORICA"]
[BlackTeam "SD SIJ ACRONI JESENICE"]

1. Nf3 Nf6 2. c4 c5 3. Nc3 Nc6 4. d4 cxd4 5. Nxd4 e5 6. Nc2 h6 7. g3 Be7 8. Bg2
O-O 9. O-O d6 10. Ne3 Re8 11. Ned5 Nxd5 12. Nxd5 Bf8 13. Be3 Be6 14. Rc1 Ne7
15. Qb3 Nxd5 16. cxd5 Bc8 17. Rc3 f5 18. Rfc1 g5 19. f4 exf4 20. gxf4 g4 21.
Bxa7 Rxe2 22. Bd4 Qe8 23. Re3 Rxe3 24. Qxe3 Bd7 25. Qxe8 Rxe8 26. Rc7 Re1+ 27.
Kf2 Rd1 28. Bc3 Bb5 29. Rxb7 Bc4 30. a4 h5 31. Rb4 Ba6 32. Rb6 Bc4 33. Rb4 Ba6
34. Rb6 Bc4 35. b3 Bd3 36. a5 Be7 37. a6 Bh4+ 38. Ke3 Bxa6 39. Rxa6 Re1+ 40.
Kd3 Rd1+ 41. Kc4 Rc1 42. b4 Rc2 43. b5 Be1 44. Ra3 Bxc3 45. Rxc3 Rxg2 46. b6
Re2 1-0

[Event "I. CLANSKA LIGA ZAHOD 2024"]
[Site "Komenda"]
[Date "2024.10.25"]
[Round "7.3"]
[White "Pazlar, Marko"]
[Black "Zamar Kodelja, Jurij"]
[Result "0-1"]
[WhiteElo "1975"]
[BlackElo "2239"]
[PlyCount "76"]
[EventDate "2024.09.27"]
[WhiteTeam "SD SIJ ACRONI JESENICE"]
[BlackTeam "SK NOVA GORICA"]

1. Nf3 Nf6 2. g3 g6 3. Bg2 Bg7 4. O-O O-O 5. d4 d6 6. Nbd2 Nc6 7. e4 Bg4 8. c3
e5 9. dxe5 Nxe5 10. Qc2 Nc6 11. Nc4 Re8 12. Bg5 h6 13. Bxf6 Qxf6 14. Nfd2 Ne5
15. Nxe5 dxe5 16. Nc4 c6 17. h3 Be6 18. b3 Bf8 19. Rfd1 b5 20. Ne3 h5 21. h4
Bc5 22. Qe2 a5 23. Bf3 Kg7 24. Kg2 b4 25. cxb4 Bd4 26. Rac1 axb4 27. Nc4 Ra7
28. Rc2 Rea8 29. Rdd2 Bc3 30. Rd1 Bxc4 31. bxc4 Qe6 32. g4 hxg4 33. Bxg4 Qf6
34. h5 gxh5 35. Bxh5 Qg5+ 36. Bg4 Bd4 37. Rh1 Qg6 38. Qf3 Rxa2 0-1

[Event "I. CLANSKA LIGA ZAHOD 2024"]
[Site "Komenda"]
[Date "2024.10.25"]
[Round "7.3"]
[White "Gregoric, Andraz"]
[Black "Pavlin, Ivan"]
[Result "1-0"]
[WhiteElo "2175"]
[BlackElo "1906"]
[PlyCount "63"]
[EventDate "2024.09.27"]
[WhiteTeam "SK NOVA GORICA"]
[BlackTeam "SD SIJ ACRONI JESENICE"]

1. e4 c5 2. Nf3 e6 3. c4 d6 4. Nc3 a6 5. d4 cxd4 6. Nxd4 Nc6 7. Be2 Nf6 8. O-O
Be7 9. b3 Qc7 10. Bb2 O-O 11. Qd2 Bd7 12. Rfd1 Nxd4 13. Qxd4 Bc6 14. Rac1 Rfd8
15. Nd5 exd5 16. cxd5 Ne8 17. dxc6 bxc6 18. Qc4 c5 19. Bf3 Rab8 20. Bc3 Bf6 21.
Qxa6 Bxc3 22. Rxc3 Ra8 23. Qe2 Qa5 24. Rc2 Rac8 25. Rcd2 Qc7 26. g3 g6 27. e5
dxe5 28. Rxd8 Rxd8 29. Rxd8 Qxd8 30. Qxe5 Qc8 31. Bg4 Qa8 32. Bd7 1-0

[Event "I. CLANSKA LIGA ZAHOD 2024"]
[Site "Komenda"]
[Date "2024.10.25"]
[Round "7.3"]
[White "Ravnik, Franc"]
[Black "Sundac, Ivano"]
[Result "0-1"]
[WhiteElo "1847"]
[BlackElo "2193"]
[PlyCount "62"]
[EventDate "2024.09.27"]
[WhiteTeam "SD SIJ ACRONI JESENICE"]
[BlackTeam "SK NOVA GORICA"]

1. e4 c5 2. Nf3 d6 3. d4 cxd4 4. Nxd4 Nf6 5. Nc3 g6 6. Bc4 Bg7 7. O-O O-O 8.
Bb3 Nc6 9. Nxc6 bxc6 10. h3 Be6 11. Be3 a5 12. Qe2 Qc8 13. Na4 Rb8 14. f3 c5
15. Bxe6 fxe6 16. c3 Qc6 17. b3 Nd7 18. Rab1 d5 19. exd5 exd5 20. Qf2 Rbc8 21.
Rfd1 e5 22. Qd2 d4 23. cxd4 cxd4 24. Bf2 Qd5 25. Be1 Qe6 26. Qxa5 e4 27. fxe4
Qxe4 28. Rb2 d3 29. Rbd2 Bd4+ 30. Bf2 Bxf2+ 31. Rxf2 Rxf2 0-1

[Event "I. CLANSKA LIGA ZAHOD 2024"]
[Site "Komenda"]
[Date "2024.10.25"]
[Round "7.3"]
[White "Markocic, Tine"]
[Black "Kljucanin, Fahrudin"]
[Result "1-0"]
[WhiteElo "2077"]
[BlackElo "1680"]
[PlyCount "51"]
[EventDate "2024.09.27"]
[WhiteTeam "SK NOVA GORICA"]
[BlackTeam "SD SIJ ACRONI JESENICE"]

1. c4 e6 2. Nc3 b6 3. e4 Bb7 4. Nf3 d6 5. d4 Nd7 6. Be2 Be7 7. Qc2 c5 8. O-O
cxd4 9. Nxd4 Ngf6 10. Be3 O-O 11. Rfd1 a6 12. f3 Qc7 13. Rac1 Rac8 14. Bf1 Qb8
15. Qf2 Ba8 16. a3 g6 17. b4 d5 18. cxd5 exd5 19. Nxd5 Bxd5 20. exd5 Rxc1 21.
Bxc1 Bd6 22. Qh4 Qb7 23. Qg5 Qxd5 24. Qxd5 Nxd5 25. Nf5 Bxh2+ 26. Kxh2 1-0

[Event "I. CLANSKA LIGA ZAHOD 2024"]
[Site "Komenda"]
[Date "2024.10.25"]
[Round "7.4"]
[White "Stevanic, David"]
[Black "Milenkovic, Mladen"]
[Result "1-0"]
[WhiteElo "2242"]
[BlackElo "2295"]
[PlyCount "35"]
[EventDate "2024.09.27"]
[WhiteTeam "SK KOCEVJE"]
[BlackTeam "SD DOMZALE"]

1. e4 c5 2. c3 d5 3. exd5 Qxd5 4. d4 Nf6 5. Nf3 g6 6. Nbd2 Bg7 7. Bc4 Qc6 8.
Bxf7+ Kf8 9. Bb3 Be6 10. O-O Nbd7 11. Re1 c4 12. Ba4 Qd6 13. Qe2 Bd5 14. Bxd7
Qxd7 15. Nxc4 Re8 16. Nce5 Qf5 17. c4 Bg8 18. Bd2 1-0

[Event "I. CLANSKA LIGA ZAHOD 2024"]
[Site "Komenda"]
[Date "2024.10.25"]
[Round "7.4"]
[White "Jusic, Zdenko"]
[Black "Acimovic, Vasja"]
[Result "1/2-1/2"]
[WhiteElo "2231"]
[BlackElo "2287"]
[PlyCount "140"]
[EventDate "2024.09.27"]
[WhiteTeam "SD DOMZALE"]
[BlackTeam "SK KOCEVJE"]

1. e4 c5 2. Nf3 Nc6 3. Bc4 e6 4. Qe2 Be7 5. e5 d5 6. Bb5 Qc7 7. c3 Nh6 8. d3
Nf5 9. g4 Nh4 10. Nxh4 Bxh4 11. Bxc6+ bxc6 12. g5 h6 13. gxh6 g6 14. d4 cxd4
15. cxd4 Be7 16. Be3 Bf8 17. Nc3 Bxh6 18. O-O-O Qa5 19. Qc2 c5 20. Na4 Bd7 21.
Nxc5 Qxa2 22. Bxh6 Rxh6 23. Rd3 Qa1+ 24. Qb1 Qxb1+ 25. Kxb1 Rh4 26. Nb7 Rf4 27.
f3 Rb8 28. Nd6+ Ke7 29. Kc2 a5 30. h4 Rh8 31. Ra1 a4 32. b4 axb3+ 33. Kxb3
Rhxh4 34. Ra7 Rh3 35. Kb4 Rfxf3 36. Rxf3 Rxf3 37. Nb7 Bc8 38. Na5+ Bd7 39. Nc6+
Kf8 40. Rxd7 g5 41. Rd8+ Kg7 42. Ne7 f5 43. exf6+ Rxf6 44. Kc5 g4 45. Ra8 g3
46. Ra3 g2 47. Rg3+ Kf7 48. Nc6 Rf2 49. Ne5+ Ke7 50. Kb4 Re2 51. Rg6 Rc2 52.
Kb3 Re2 53. Kc3 Ra2 54. Kd3 Kf8 55. Ke3 Rc2 56. Kd3 Ra2 57. Kc3 Re2 58. Kb4 Rc2
59. Kb5 Ke7 60. Kb4 Kf8 61. Kb3 Re2 62. Rg5 Ke7 63. Rg8 Kf6 64. Kc3 Kf5 65. Kd3
Ra2 66. Ke3 Ra3+ 67. Kf2 Ra4 68. Nf3 Ra2+ 69. Kg3 g1=Q+ 70. Nxg1 e5 1/2-1/2

[Event "I. CLANSKA LIGA ZAHOD 2024"]
[Site "Komenda"]
[Date "2024.10.25"]
[Round "7.4"]
[White "Acimovic, Sergej"]
[Black "Plaskan, Jure"]
[Result "1/2-1/2"]
[WhiteElo "2120"]
[BlackElo "2239"]
[PlyCount "73"]
[EventDate "2024.09.27"]
[WhiteTeam "SK KOCEVJE"]
[BlackTeam "SD DOMZALE"]

1. d4 Nf6 2. c4 e6 3. Nc3 d5 4. Bg5 Bb4 5. e3 O-O 6. Nf3 h6 7. Bh4 Nbd7 8. Bd3
c5 9. O-O Bxc3 10. bxc3 Qa5 11. Qc2 dxc4 12. Bxc4 b5 13. Be2 Bb7 14. Rfb1 Be4
15. Bd3 Bxd3 16. Qxd3 c4 17. Qc2 Nd5 18. Rc1 N7b6 19. e4 Nf4 20. Ne1 Na4 21.
Bg3 Ng6 22. Nf3 Rad8 23. h4 Ne7 24. Ne5 f6 25. Ng4 f5 26. Ne5 fxe4 27. a3 Rde8
28. Qxe4 Nd5 29. Ng4 Naxc3 30. Nxh6+ Kh8 31. Qg6 Ne2+ 32. Kh2 Nef4 33. Nf7+ Kg8
34. Nh6+ Kh8 35. Nf7+ Kg8 36. Nh6+ Kh8 37. Nf7+ 1/2-1/2

[Event "I. CLANSKA LIGA ZAHOD 2024"]
[Site "Komenda"]
[Date "2024.10.25"]
[Round "7.4"]
[White "Debevec, Blaz"]
[Black "Bajo, Tin"]
[Result "1-0"]
[WhiteElo "2066"]
[BlackElo "2007"]
[PlyCount "79"]
[EventDate "2024.09.27"]
[WhiteTeam "SD DOMZALE"]
[BlackTeam "SK KOCEVJE"]

1. Nf3 d5 2. c4 e6 3. d4 Nf6 4. g3 Be7 5. Bg2 O-O 6. O-O dxc4 7. Qc2 a6 8. a4
Bd7 9. Ne5 Bc6 10. Nxc6 Nxc6 11. e3 Na5 12. Nd2 Rb8 13. Nxc4 c5 14. Nxa5 Qxa5
15. Bd2 Qd8 16. dxc5 Bxc5 17. Rfd1 Qe7 18. Rac1 Bb4 19. Qb3 Bxd2 20. Rxd2 b6
21. Rdc2 Rfd8 22. Bc6 h6 23. Qc4 a5 24. Qa6 Nd7 25. Qa7 Kf8 26. Bxd7 Qxd7 27.
Rc7 Qe8 28. b3 Rd3 29. Rxf7+ Qxf7 30. Qxb8+ Ke7 31. Rc7+ Rd7 32. Rxd7+ Kxd7 33.
Qb7+ Ke8 34. Qxb6 Qg6 35. Qc6+ Ke7 36. e4 Qg4 37. Kg2 h5 38. Qc5+ Ke8 39. f3
Qg6 40. Qxa5 1-0

[Event "I. CLANSKA LIGA ZAHOD 2024"]
[Site "Komenda"]
[Date "2024.10.25"]
[Round "7.4"]
[White "Gasparac, Gregor"]
[Black "Markosek, Maj"]
[Result "0-1"]
[WhiteElo "2087"]
[BlackElo "1986"]
[PlyCount "90"]
[EventDate "2024.09.27"]
[WhiteTeam "SK KOCEVJE"]
[BlackTeam "SD DOMZALE"]

1. e4 e5 2. Nf3 Nc6 3. Bb5 a6 4. Ba4 Nf6 5. O-O Be7 6. Re1 b5 7. Bb3 d6 8. c3
O-O 9. h3 Na5 10. Bc2 c5 11. d4 Qc7 12. Nbd2 cxd4 13. cxd4 Nc6 14. d5 Nb4 15.
Bb1 a5 16. Nf1 Bd7 17. Bd2 Na6 18. g4 Rfc8 19. Ng3 Nc5 20. Nf5 Bf8 21. Bg5 Ne8
22. Kg2 b4 23. Qd2 Qb7 24. Be3 b3 25. Bxc5 Rxc5 26. axb3 Qxb3 27. Re3 Qb6 28.
b4 Rb5 29. bxa5 Raxa5 30. Rxa5 Rxa5 31. Bd3 Bxf5 32. gxf5 Nf6 33. Ng1 Nh5 34.
Ne2 g6 35. Rf3 Qd8 36. fxg6 hxg6 37. Qb4 Ra1 38. Qb7 Nf4+ 39. Nxf4 Qg5+ 40. Rg3
Qxf4 41. Qb2 Rd1 42. Qe2 Qc1 43. Qg4 Bh6 44. Qd7 Rg1+ 45. Kf3 Qf4+ 0-1

[Event "I. CLANSKA LIGA ZAHOD 2024"]
[Site "Komenda"]
[Date "2024.10.25"]
[Round "7.4"]
[White "Markosek, Bine"]
[Black "Jalovec, Igor"]
[Result "1-0"]
[WhiteElo "1989"]
[BlackElo "1956"]
[PlyCount "101"]
[EventDate "2024.09.27"]
[WhiteTeam "SD DOMZALE"]
[BlackTeam "SK KOCEVJE"]

1. e4 d6 2. d4 e5 3. Nf3 Nd7 4. Bc4 Be7 5. dxe5 Nxe5 6. Nxe5 dxe5 7. Qh5 g6 8.
Qxe5 Nf6 9. Bh6 Rg8 10. Bg5 Ng4 11. Qxe7+ Qxe7 12. Bxe7 Kxe7 13. Nc3 c6 14. O-O
b5 15. Be2 Be6 16. h3 Ne5 17. f4 Nc4 18. f5 gxf5 19. exf5 Bd5 20. Nxd5+ cxd5
21. f6+ Kd6 22. Bd3 Rg5 23. Rf2 h5 24. Re1 Ne5 25. Bxb5 Rb8 26. a4 Rb6 27. b3
a6 28. Be2 Rc6 29. h4 Rg8 30. Bxh5 Rc3 31. Rf5 Rxc2 32. Rexe5 Rgxg2+ 33. Kf1
Rh2 34. Bf3 Rhf2+ 35. Kg1 Rxf3 36. Rxd5+ Kc6 37. Rxf3 Kxd5 38. h5 Rc8 39. Rh3
Ke5 40. h6 Kxf6 41. h7 Rh8 42. b4 Ke7 43. Kf2 Ke6 44. Ke3 Ke5 45. Rh5+ f5 46.
b5 axb5 47. axb5 Kf6 48. Kf4 Kg6 49. Rh1 Kf6 50. b6 Ke6 51. b7 1-0